Name that Pokemon!! - Statistics

General Stats
  • This quiz has been taken 44 times
  • The average score is 7 of 10
Answer Stats
Question Answer % Correct
Takes fire energy, basic Charmander
100%
Takes Lightning energy, basic Pichu
82%
Takes grass energy, basic Bellsprout
79%
Takes Psychic energy, Does not evolve Mewtwo
79%
Takes fire energy, stage 1 Monferno
79%
Takes fire energy, stage 2 Charizard
68%
Takes Psychic energy, stage 2 Gengar
63%
Takes water energy, basic Piplup
63%
Takes Colorless energy, basic Eevee
61%
Takes psychic energy, stage 1 Arbok
42%
No matching quizzes found
Score Distribution
Percent of People with Each Score
Percentile by Number Answered
Your Score History
You have not taken this quiz